00714 2200241 4500001002100000005001500021035002500036008004100061245006600102100002300168250000600191260005000197300006900247020002200316082000800338084001000346650002600356990001800382990001800400990001800418990001800436990001800454INLIS00000000000300920240112024933 a0010-121900000003009240112 | ind 1 aDaun Jambu Biji sebagai bahan baku obat /cSandra Arifin Aziz0 aSandra Arifin Aziz a1 aIPB Press : Bogor :bIPB Press : Bogor,c2016 a50 hlm. Rp. 70.000,- APBD 2017 ;c50 hlm. Rp. 70.000,- APBD 2017 a978-979-493-967-3 a600 a615,3 4aDaun Jambu Biji 615.3 aB201708307544 aB201708307545 aB201708307546 aB201708307547 aB201708307548